<?xml version="1.0" encoding="UTF-8"?>
<record
    xmlns:xsi="http://www.w3.org/2001/XMLSchema-instance"
    xsi:schemaLocation="http://www.loc.gov/MARC21/slim http://www.loc.gov/standards/marcxml/schema/MARC21slim.xsd"
    xmlns="http://www.loc.gov/MARC21/slim">

  <leader>00749nam a22001937a 4500</leader>
  <controlfield tag="005">20170207151640.0</controlfield>
  <datafield tag="010" ind1=" " ind2=" ">
    <subfield code="a">B-654493</subfield>
  </datafield>
  <datafield tag="020" ind1=" " ind2=" ">
    <subfield code="c">375.00</subfield>
    <subfield code="a">9788193209431</subfield>
  </datafield>
  <datafield tag="035" ind1=" " ind2=" ">
    <subfield code="a">B-654493</subfield>
  </datafield>
  <datafield tag="037" ind1=" " ind2=" ">
    <subfield code="b">L//RP/K.K. Publications</subfield>
  </datafield>
  <datafield tag="082" ind1=" " ind2=" ">
    <subfield code="a">510</subfield>
  </datafield>
  <datafield tag="100" ind1=" " ind2=" ">
    <subfield code="a">Yadav,Rakesh</subfield>
  </datafield>
  <datafield tag="245" ind1=" " ind2=" ">
    <subfield code="a">Advance maths :</subfield>
    <subfield code="b">with detailed solution of each question /</subfield>
    <subfield code="c">by Rakesh Yadav</subfield>
  </datafield>
  <datafield tag="260" ind1=" " ind2=" ">
    <subfield code="a">New Delhi</subfield>
    <subfield code="b">Rakesh Yadav</subfield>
    <subfield code="c">(201?)</subfield>
  </datafield>
  <datafield tag="270" ind1=" " ind2=" ">
    <subfield code="a">15, Street No.2, Hakikat Nagar, GTB Nagar, </subfield>
    <subfield code="b">New Delhi</subfield>
    <subfield code="e">110009</subfield>
  </datafield>
  <datafield tag="300" ind1=" " ind2=" ">
    <subfield code="a">726p.</subfield>
    <subfield code="c">27cm(pbk)</subfield>
  </datafield>
  <datafield tag="942" ind1=" " ind2=" ">
    <subfield code="2">ddc</subfield>
    <subfield code="c">EN</subfield>
    <subfield code="h">510</subfield>
    <subfield code="m">YAD</subfield>
  </datafield>
  <datafield tag="999" ind1=" " ind2=" ">
    <subfield code="c">137432</subfield>
    <subfield code="d">137432</subfield>
  </datafield>
  <datafield tag="952" ind1=" " ind2=" ">
    <subfield code="0">0</subfield>
    <subfield code="1">0</subfield>
    <subfield code="4">0</subfield>
    <subfield code="7">0</subfield>
    <subfield code="8">NFIC</subfield>
    <subfield code="a">L</subfield>
    <subfield code="b">L</subfield>
    <subfield code="d">2017-02-07</subfield>
    <subfield code="e">K K. Publications/BL233/13.1.2017/RP4/5.1.2017/16.1.2017</subfield>
    <subfield code="g">375.00</subfield>
    <subfield code="l">20</subfield>
    <subfield code="m">9</subfield>
    <subfield code="o">510 YAD</subfield>
    <subfield code="p">B-654493</subfield>
    <subfield code="r">2021-01-28 00:00:00</subfield>
    <subfield code="s">2021-01-14</subfield>
    <subfield code="t">1</subfield>
    <subfield code="v">375.00</subfield>
    <subfield code="y">EN</subfield>
  </datafield>
</record>
